[Event "Moscow Open 2018 AB"]
[Site "?"]
[Date "2018.01.31"]
[Round "5.11"]
[White "Gaboyan, Susanna"]
[Black "Nechaeva, Marina"]
[Result "1/2-1/2"]
[BlackElo "2421"]
[WhiteElo "2168"]
[LiveChessVersion "1.4.8"]

1. d4 {[%clk 1:30:58]} d5 {[%clk 1:29:24]} 2. c4 {[%clk 1:31:14]} c6
{[%clk 1:29:48]} 3. Nc3 {[%clk 1:31:33]} Nf6 {[%clk 1:29:51]} 4. Nf3
{[%clk 1:31:45]} e6 {[%clk 1:30:15]} 5. Bg5 {[%clk 1:31:55]} Nbd7
{[%clk 1:30:40]} 6. e3 {[%clk 1:31:18]} Qa5 {[%clk 1:31:05]} 7. Nd2
{[%clk 1:31:07]} dxc4 {[%clk 1:31:26]} 8. Bxf6 {[%clk 1:31:00]} Nxf6
{[%clk 1:31:52]} 9. Nxc4 {[%clk 1:31:18]} Qc7 {[%clk 1:32:19]} 10. Be2 Be7
{[%clk 1:32:38]} 11. O-O {[%clk 1:30:44]} O-O {[%clk 1:33:04]} 12. Rc1
{[%clk 1:29:27]} Rd8 {[%clk 1:26:06]} 13. a3 {[%clk 1:27:17]} c5 {[%clk 1:03:48]}
14. Qb3 {[%clk 1:20:49]} cxd4 {[%clk 1:01:26]} 15. Nb5 {[%clk 1:18:52]} Qb8
{[%clk 1:00:23]} 16. Nxd4 {[%clk 1:15:20]} e5 {[%clk 0:59:59]} 17. Nf3
{[%clk 1:02:20]} Be6 {[%clk 0:59:05]} 18. Qc2 {[%clk 0:43:06]} e4
{[%clk 0:56:43]} 19. Nd4 {[%clk 0:42:01]} Bd5 {[%clk 0:49:51]} 20. b4
{[%clk 0:33:40]} Ne8 {[%clk 0:38:59]} 21. Rfd1 {[%clk 0:32:49]} Bf6
{[%clk 0:33:59]} 22. Nf5 {[%clk 0:29:43]} Qc7 {[%clk 0:31:03]} 23. Qa4
{[%clk 0:23:09]} a6 {[%clk 0:18:35]} 24. b5 {[%clk 0:11:44]} axb5
{[%clk 0:18:29]} 25. Qxb5 {[%clk 0:12:11]} Bc6 {[%clk 0:17:20]} 26. Qb1
{[%clk 0:10:36]} g6 {[%clk 0:11:54]} 27. Nd4 {[%clk 0:10:48]} Bxd4
{[%clk 0:06:23]} 28. exd4 {[%clk 0:11:15]} Nf6 {[%clk 0:05:41]} 29. Nb6
{[%clk 0:06:43]} Ra5 {[%clk 0:06:08]} 30. Nc4 {[%clk 0:01:30]} Rad5
{[%clk 0:03:47]} 31. Qb2 {[%clk 0:01:41]} Qf4 {[%clk 0:03:31]} 32. Ne5
{[%clk 0:01:15]} Ba4 {[%clk 0:02:06]} 33. g3 {[%clk 0:01:44]} Qf5
{[%clk 0:00:44]} 34. Rd2 {[%clk 0:02:12]} b5 {[%clk 0:01:04]} 35. Qb4
{[%clk 0:01:16]} h5 {[%clk 0:01:03]} 36. Nc6 {[%clk 0:01:38]} Kg7
{[%clk 0:00:36]} 37. Nxd8 {[%clk 0:02:02]} Rxd8 {[%clk 0:01:03]} 38. Rc5
{[%clk 0:01:05]} Nd5 {[%clk 0:00:53]} 39. Qb2 {[%clk 0:01:23]} h4
{[%clk 0:00:55]} 40. Bxb5 {[%clk 0:30:50]} Bxb5 {[%clk 0:30:50]} 41. Qxb5
{[%clk 0:30:40]} hxg3 {[%clk 0:28:55]} 42. fxg3 {[%clk 0:26:29]} e3
{[%clk 0:24:16]} 43. Re2 {[%clk 0:24:51]} Qe4 {[%clk 0:22:16]} 44. Qb2
{[%clk 0:24:33]} Rd6 {[%clk 0:22:15]} 45. Qc2 {[%clk 0:19:54]} Qf3
{[%clk 0:21:47]} 46. Re1 {[%clk 0:20:21]} Qf6 {[%clk 0:17:03]} 47. Rd1
{[%clk 0:13:44]} Qf3 {[%clk 0:16:22]} 48. Rf1 {[%clk 0:11:34]} Qg4
{[%clk 0:16:48]} 49. Qd3 {[%clk 0:07:18]} Qe6 {[%clk 0:14:54]} 50. a4
{[%clk 0:05:23]} Rb6 {[%clk 0:14:44]} 51. Rxd5 {[%clk 0:03:16]} Qxd5
{[%clk 0:15:10]} 52. Qxe3 {[%clk 0:03:41]} Rb4 {[%clk 0:15:02]} 53. Qe5+
{[%clk 0:02:37]} Qxe5 {[%clk 0:15:28]} 54. dxe5 {[%clk 0:03:04]} Rxa4
{[%clk 0:15:55]} 55. Re1 {[%clk 0:03:10]} Ra2 {[%clk 0:11:59]} 56. e6
{[%clk 0:02:36]} fxe6 {[%clk 0:12:24]} 57. Rxe6 {[%clk 0:03:02]} Kh6
{[%clk 0:12:29]} 58. Rf6 {[%clk 0:03:23]} Kg5 {[%clk 0:12:17]} 59. Rf2
{[%clk 0:03:46]} Ra4 {[%clk 0:11:54]} 60. Kg2 {[%clk 0:04:10]} Ra3
{[%clk 0:11:59]} 61. h4+ {[%clk 0:04:20]} Kh6 {[%clk 0:11:46]} 62. Kh3
{[%clk 0:04:44]} Kg7 {[%clk 0:11:34]} 63. Kg4 {[%clk 0:04:50]} Ra7
{[%clk 0:11:37]} 64. Rf4 {[%clk 0:04:49]} Rb7 {[%clk 0:11:59]} 65. Rc4
{[%clk 0:04:58]} Ra7 {[%clk 0:12:21]} 66. Rc5 {[%clk 0:04:39]} Rb7
{[%clk 0:12:14]} 67. Kg5 {[%clk 0:05:01]} Ra7 {[%clk 0:12:33]} 68. g4
{[%clk 0:05:12]} Rb7 {[%clk 0:12:38]} 69. h5 {[%clk 0:04:42]} gxh5
{[%clk 0:13:03]} 70. Kxh5 {[%clk 0:05:09]} Ra7 {[%clk 0:13:12]} 71. Rc6
{[%clk 0:02:52]} Ra5+ {[%clk 0:12:24]} 72. g5 {[%clk 0:03:14]} Ra7
{[%clk 0:12:48]} 73. Rg6+ {[%clk 0:03:01]} Kh7 {[%clk 0:13:13]} 74. Rh6+
{[%clk 0:03:17]} 1/2-1/2

[Event "Moscow Open 2018 AB"]
[Site "?"]
[Date "2018.01.31"]
[Round "5.12"]
[White "Lysenko, Margarita"]
[Black "Charochkina, Daria"]
[Result "1/2-1/2"]
[BlackElo "2326"]
[WhiteElo "2202"]
[LiveChessVersion "1.4.8"]

1. d4 {[%clk 1:30:57]} e6 {[%clk 1:18:02]} 2. c4 {[%clk 1:23:24]} Bb4+
{[%clk 1:18:27]} 3. Nc3 {[%clk 1:21:56]} b6 {[%clk 1:18:52]} 4. e4
{[%clk 1:06:56]} Bb7 {[%clk 1:19:17]} 5. d5 {[%clk 1:06:39]} Qe7 {[%clk 1:19:24]}
6. Be3 {[%clk 1:04:15]} Nf6 {[%clk 1:04:29]} 7. Bd3 {[%clk 0:49:45]} exd5
{[%clk 0:55:27]} 8. exd5 {[%clk 0:48:13]} c6 {[%clk 0:55:45]} 9. dxc6
{[%clk 0:34:09]} Bxc3+ {[%clk 0:55:36]} 10. bxc3 {[%clk 0:34:33]} Nxc6
{[%clk 0:56:02]} 11. Ne2 {[%clk 0:27:39]} Ne5 {[%clk 0:55:42]} 12. O-O
{[%clk 0:26:42]} Rc8 {[%clk 0:47:01]} 13. Ng3 {[%clk 0:15:34]} O-O
{[%clk 0:46:52]} 14. Bd4 {[%clk 0:12:32]} Ng6 {[%clk 0:19:37]} 15. Re1
{[%clk 0:07:17]} Qd8 {[%clk 0:18:52]} 16. Nf5 {[%clk 0:03:14]} Rc6
{[%clk 0:17:05]} 17. Qf3 {[%clk 0:01:32]} Qc7 {[%clk 0:09:34]} 18. Qh3
{[%clk 0:00:56]} Nf4 {[%clk 0:06:26]} 19. Qg3 {[%clk 0:00:46]} N6h5
{[%clk 0:06:52]} 20. Qg4 {[%clk 0:00:41]} Nxd3 {[%clk 0:05:52]} 21. Qxh5
{[%clk 0:00:46]} Nxe1 {[%clk 0:06:15]} 22. Rxe1 {[%clk 0:00:45]} Rg6
{[%clk 0:01:26]} 23. Ne7+ {[%clk 0:01:08]} Kh8 {[%clk 0:01:53]} 24. Nxg6+
{[%clk 0:01:31]} fxg6 {[%clk 0:02:21]} 25. Qe5 {[%clk 0:00:55]} Qxe5
{[%clk 0:01:24]} 26. Rxe5 {[%clk 0:01:16]} Kg8 {[%clk 0:01:16]} 27. Re7
{[%clk 0:01:11]} Rf7 {[%clk 0:01:29]} 28. Re8+ {[%clk 0:01:27]} Rf8
{[%clk 0:01:56]} 29. Re7 {[%clk 0:01:51]} Rf7 {[%clk 0:02:23]} 30. Re8+
{[%clk 0:02:12]} Rf8 {[%clk 0:02:50]} 31. Re7 {[%clk 0:02:34]} 1/2-1/2

[Event "Moscow Open 2018 AB"]
[Site "?"]
[Date "2018.01.31"]
[Round "5.13"]
[White "Hojjatova, Aydan"]
[Black "Bayarmaa, Bayarjargal"]
[Result "1-0"]
[BlackElo "2222"]
[WhiteElo "2336"]
[LiveChessVersion "1.4.8"]

1. e4 {[%clk 1:30:57]} c5 {[%clk 1:28:00]} 2. Nf3 {[%clk 1:31:18]} d6
{[%clk 1:28:24]} 3. Bb5+ {[%clk 1:31:34]} Bd7 {[%clk 1:28:49]} 4. c4
{[%clk 1:31:46]} Nf6 {[%clk 1:26:40]} 5. Nc3 {[%clk 1:32:00]} g6 {[%clk 1:24:57]}
6. d4 {[%clk 1:31:58]} cxd4 {[%clk 1:25:07]} 7. Nxd4 {[%clk 1:32:25]} Bg7
{[%clk 1:25:25]} 8. O-O {[%clk 1:32:14]} O-O {[%clk 1:25:46]} 9. h3
{[%clk 1:32:00]} a6 {[%clk 1:21:22]} 10. Bxd7 {[%clk 1:31:48]} Nfxd7
{[%clk 1:20:57]} 11. Be3 {[%clk 1:30:56]} Nc6 {[%clk 1:21:19]} 12. b3
{[%clk 1:28:53]} Qa5 {[%clk 1:21:06]} 13. Qd2 {[%clk 1:26:58]} Nxd4
{[%clk 1:16:53]} 14. Bxd4 {[%clk 1:27:22]} Nf6 {[%clk 1:16:26]} 15. Rfd1
{[%clk 1:22:40]} e5 {[%clk 1:13:19]} 16. Be3 {[%clk 1:22:59]} Rfc8
{[%clk 1:10:18]} 17. Rac1 {[%clk 1:12:57]} Rc6 {[%clk 1:10:14]} 18. Bg5
{[%clk 1:09:43]} Kh8 {[%clk 1:07:55]} 19. Qe3 {[%clk 1:02:28]} Ng8
{[%clk 1:02:21]} 20. Qe2 {[%clk 0:59:26]} b5 {[%clk 0:59:50]} 21. cxb5
{[%clk 0:52:12]} Rxc3 {[%clk 0:57:12]} 22. Bd2 {[%clk 0:52:36]} Rac8
{[%clk 0:57:35]} 23. Rxc3 {[%clk 0:52:52]} Rxc3 {[%clk 0:57:57]} 24. Bxc3
{[%clk 0:48:49]} Qxc3 {[%clk 0:58:12]} 25. bxa6 {[%clk 0:49:17]} Qc6
{[%clk 0:49:58]} 26. Qc4 {[%clk 0:49:28]} Qd7 {[%clk 0:50:08]} 27. Qa4
{[%clk 0:48:41]} Qa7 {[%clk 0:50:15]} 28. Qc6 {[%clk 0:48:33]} 1-0

[Event "Moscow Open 2018 AB"]
[Site "?"]
[Date "2018.01.31"]
[Round "5.14"]
[White "Dordzhieva, Dinara"]
[Black "Smirnova, Ekaterina"]
[Result "1-0"]
[BlackElo "2102"]
[WhiteElo "2294"]
[LiveChessVersion "1.4.8"]

1. c4 {[%clk 1:30:58]} c6 {[%clk 1:30:26]} 2. Nf3 {[%clk 1:31:10]} d5
{[%clk 1:30:51]} 3. g3 {[%clk 1:31:37]} Nf6 {[%clk 1:31:18]} 4. Bg2
{[%clk 1:32:01]} Bg4 {[%clk 1:31:43]} 5. cxd5 {[%clk 1:25:40]} Bxf3
{[%clk 1:32:09]} 6. Bxf3 {[%clk 1:26:05]} cxd5 {[%clk 1:32:36]} 7. d4
{[%clk 1:26:14]} Nc6 {[%clk 1:32:33]} 8. Nc3 {[%clk 1:25:40]} e6 {[%clk 1:32:44]}
9. O-O {[%clk 1:26:02]} Be7 {[%clk 1:33:07]} 10. e3 {[%clk 1:26:03]} O-O
{[%clk 1:33:28]} 11. Bd2 {[%clk 1:26:04]} Rc8 {[%clk 1:33:10]} 12. Rc1
{[%clk 1:25:25]} a6 {[%clk 1:16:57]} 13. Na4 {[%clk 1:20:28]} e5 {[%clk 1:10:40]}
14. dxe5 {[%clk 1:20:13]} Nxe5 {[%clk 1:11:09]} 15. Bg2 {[%clk 1:18:44]} b5
{[%clk 1:05:34]} 16. Rxc8 {[%clk 1:10:50]} Qxc8 {[%clk 1:06:03]} 17. Nc3
{[%clk 1:11:00]} Rd8 {[%clk 1:03:20]} 18. Ne2 {[%clk 1:09:09]} Nc4
{[%clk 0:56:45]} 19. Bc3 {[%clk 1:09:04]} Ne4 {[%clk 0:55:14]} 20. Bd4
{[%clk 1:08:41]} Qf5 {[%clk 0:51:07]} 21. Nf4 {[%clk 1:06:21]} Bf6
{[%clk 0:42:49]} 22. Bxf6 {[%clk 0:58:59]} Nxf6 {[%clk 0:42:56]} 23. b3
{[%clk 0:59:19]} Nb6 {[%clk 0:37:44]} 24. Qd4 {[%clk 0:59:04]} Rd6
{[%clk 0:37:49]} 25. Rc1 {[%clk 0:57:03]} Qd7 {[%clk 0:37:13]} 26. Nd3
{[%clk 0:51:52]} h6 {[%clk 0:36:11]} 27. Nc5 {[%clk 0:48:22]} Qc7
{[%clk 0:35:40]} 28. Rc3 {[%clk 0:47:25]} b4 {[%clk 0:23:37]} 29. Rc2
{[%clk 0:26:50]} a5 {[%clk 0:23:02]} 30. Qd3 {[%clk 0:27:07]} Qc8
{[%clk 0:15:37]} 31. Qb5 {[%clk 0:22:20]} d4 {[%clk 0:08:07]} 32. exd4
{[%clk 0:20:04]} Qf5 {[%clk 0:07:07]} 33. Rc1 {[%clk 0:19:05]} Nbd7
{[%clk 0:05:40]} 34. Qc4 {[%clk 0:09:47]} Qg5 {[%clk 0:00:37]} 35. f4
{[%clk 0:05:16]} Qh5 {[%clk 0:01:06]} 36. Re1 {[%clk 0:05:07]} Nxc5
{[%clk 0:00:41]} 37. Qxc5 {[%clk 0:02:18]} Rd8 {[%clk 0:01:05]} 38. Qxh5
{[%clk 0:01:52]} Nxh5 {[%clk 0:01:33]} 39. d5 {[%clk 0:02:07]} Kf8
{[%clk 0:01:51]} 40. Rc1 {[%clk 0:31:51]} Nf6 {[%clk 0:31:18]} 41. Rc5
{[%clk 0:31:38]} Ra8 {[%clk 0:31:41]} 42. h3 {[%clk 0:29:11]} Ke8
{[%clk 0:30:57]} 43. Rb5 {[%clk 0:28:32]} Ra7 {[%clk 0:29:20]} 44. Kf2
{[%clk 0:27:23]} Ke7 {[%clk 0:29:47]} 45. Ke3 {[%clk 0:25:55]} Nd7
{[%clk 0:30:07]} 46. h4 {[%clk 0:24:23]} Nf6 {[%clk 0:20:23]} 47. Rb6
{[%clk 0:21:23]} Ne8 {[%clk 0:19:05]} 48. Be4 {[%clk 0:20:46]} Nd6
{[%clk 0:18:53]} 49. Bd3 {[%clk 0:21:15]} Kd7 {[%clk 0:14:32]} 50. Kd4
{[%clk 0:20:42]} f6 {[%clk 0:13:53]} 51. g4 {[%clk 0:19:30]} Ke7 {[%clk 0:12:10]}
52. Rc6 {[%clk 0:18:28]} Kd7 {[%clk 0:10:44]} 53. Kc5 {[%clk 0:18:31]} Rc7
{[%clk 0:10:55]} 54. Rxc7+ {[%clk 0:16:48]} Kxc7 {[%clk 0:11:24]} 55. Bg6
{[%clk 0:17:13]} Nb7+ {[%clk 0:11:01]} 56. Kb5 {[%clk 0:17:34]} Kd6
{[%clk 0:11:20]} 57. Kb6 {[%clk 0:16:06]} Nc5 {[%clk 0:11:29]} 58. Kxa5
{[%clk 0:16:33]} Kxd5 {[%clk 0:11:51]} 59. Kxb4 {[%clk 0:16:58]} Kc6
{[%clk 0:12:10]} 60. Bf5 {[%clk 0:17:19]} Kb6 {[%clk 0:12:28]} 61. Kc4
{[%clk 0:17:35]} Kc6 {[%clk 0:12:32]} 62. a4 {[%clk 0:17:22]} Na6
{[%clk 0:12:02]} 63. b4 {[%clk 0:17:47]} Nc7 {[%clk 0:12:30]} 64. a5
{[%clk 0:18:06]} g5 {[%clk 0:12:36]} 65. fxg5 {[%clk 0:18:22]} fxg5
{[%clk 0:13:04]} 66. h5 {[%clk 0:18:48]} Kb7 {[%clk 0:13:26]} 67. b5
{[%clk 0:19:11]} Ne8 {[%clk 0:13:45]} 68. Be4+ {[%clk 0:19:31]} Kc7
{[%clk 0:14:11]} 69. Kc5 {[%clk 0:19:57]} 1-0

[Event "Moscow Open 2018 AB"]
[Site "?"]
[Date "2018.01.31"]
[Round "5.15"]
[White "Balaian, Alina"]
[Black "Kashlinskaya, Alina"]
[Result "0-1"]
[BlackElo "2459"]
[WhiteElo "2224"]
[LiveChessVersion "1.4.8"]

1. e4 {[%clk 1:30:58]} e6 {[%clk 1:30:52]} 2. d4 {[%clk 1:31:22]} d5
{[%clk 1:31:17]} 3. exd5 {[%clk 1:31:46]} exd5 {[%clk 1:31:42]} 4. Nf3
{[%clk 1:32:08]} Bd6 {[%clk 1:32:00]} 5. c4 {[%clk 1:32:31]} Nf6 {[%clk 1:32:10]}
6. Nc3 {[%clk 1:32:49]} O-O {[%clk 1:32:17]} 7. cxd5 {[%clk 1:32:49]} Nbd7
{[%clk 1:32:13]} 8. Be2 {[%clk 1:32:06]} Nb6 {[%clk 1:32:02]} 9. Bg5
{[%clk 1:32:06]} h6 {[%clk 1:30:32]} 10. Bh4 {[%clk 1:32:21]} Be7
{[%clk 1:30:45]} 11. d6 {[%clk 1:22:31]} Qxd6 {[%clk 1:21:56]} 12. Bg3
{[%clk 1:22:34]} Qb4 {[%clk 1:18:44]} 13. O-O {[%clk 1:19:47]} c6
{[%clk 1:12:16]} 14. Qc2 {[%clk 1:12:40]} Be6 {[%clk 1:11:15]} 15. b3
{[%clk 1:07:35]} Rac8 {[%clk 1:08:29]} 16. Rfb1 {[%clk 0:52:38]} Qa3
{[%clk 0:57:14]} 17. Ne5 {[%clk 0:46:30]} c5 {[%clk 0:47:52]} 18. Nb5
{[%clk 0:46:06]} Qa5 {[%clk 0:46:13]} 19. Qb2 {[%clk 0:44:48]} cxd4
{[%clk 0:34:32]} 20. a3 {[%clk 0:41:50]} Bf5 {[%clk 0:32:28]} 21. b4
{[%clk 0:26:08]} Qa4 {[%clk 0:32:38]} 22. Nxd4 {[%clk 0:25:29]} Bxb1
{[%clk 0:32:07]} 23. Qxb1 {[%clk 0:23:54]} Nfd5 {[%clk 0:22:41]} 24. Qf5
{[%clk 0:21:10]} Qe8 {[%clk 0:14:22]} 25. Bb5 {[%clk 0:16:21]} Qd8
{[%clk 0:14:43]} 26. Ne6 {[%clk 0:16:28]} g6 {[%clk 0:11:06]} 27. Qh3
{[%clk 0:11:15]} fxe6 {[%clk 0:10:23]} 28. Qxe6+ {[%clk 0:11:31]} Kh8
{[%clk 0:10:18]} 29. Nxg6+ {[%clk 0:08:13]} Kg7 {[%clk 0:10:43]} 30. Re1
{[%clk 0:01:58]} Rf6 {[%clk 0:07:44]} 31. Be5 {[%clk 0:02:23]} Kxg6
{[%clk 0:08:01]} 32. Bd3+ {[%clk 0:02:35]} Kg7 {[%clk 0:08:30]} 33. Qg4+
{[%clk 0:02:28]} Kf7 {[%clk 0:08:10]} 34. Bxf6 {[%clk 0:01:38]} Bxf6
{[%clk 0:08:04]} 35. Bg6+ {[%clk 0:01:28]} Kf8 {[%clk 0:07:33]} 36. Bh7
{[%clk 0:01:49]} Bg5 {[%clk 0:06:24]} 37. Qe6 {[%clk 0:01:34]} Nf6
{[%clk 0:04:34]} 38. Bg6 {[%clk 0:01:02]} Qd7 {[%clk 0:04:33]} 39. Qe5
{[%clk 0:01:05]} Nc4 {[%clk 0:03:34]} 40. Qe2 {[%clk 0:31:34]} Kg7
{[%clk 0:33:31]} 41. Rd1 {[%clk 0:30:11]} Qxd1+ {[%clk 0:32:10]} 42. Qxd1
{[%clk 0:30:35]} Nb2 {[%clk 0:32:33]} 43. Qb1 {[%clk 0:30:29]} Rc1+
{[%clk 0:32:55]} 44. Qxc1 {[%clk 0:30:58]} Bxc1 {[%clk 0:33:20]} 45. Bc2
{[%clk 0:30:59]} b5 {[%clk 0:33:32]} 0-1

[Event "Moscow Open 2018 AB"]
[Site "?"]
[Date "2018.01.31"]
[Round "5.16"]
[White "Bodnaruk, Anastasia"]
[Black "Goltseva, Ekaterina"]
[Result "1-0"]
[BlackElo "2253"]
[WhiteElo "2434"]
[LiveChessVersion "1.4.8"]

1. e4 {[%clk 1:30:58]} e6 {[%clk 1:30:48]} 2. d4 {[%clk 1:31:16]} d5
{[%clk 1:31:13]} 3. e5 {[%clk 1:29:30]} c5 {[%clk 1:31:34]} 4. c3
{[%clk 1:29:56]} Qa5 {[%clk 1:31:24]} 5. dxc5 {[%clk 1:24:48]} Qc7
{[%clk 1:28:33]} 6. Nf3 {[%clk 1:24:12]} Bxc5 {[%clk 1:27:49]} 7. Bd3
{[%clk 1:23:36]} Nc6 {[%clk 1:26:17]} 8. Qe2 {[%clk 1:21:14]} Nge7
{[%clk 1:21:47]} 9. O-O {[%clk 1:20:53]} Ng6 {[%clk 1:13:45]} 10. Re1
{[%clk 1:20:31]} Bd7 {[%clk 1:08:49]} 11. h4 {[%clk 1:04:04]} f6 {[%clk 1:00:41]}
12. c4 {[%clk 0:42:08]} dxc4 {[%clk 0:39:55]} 13. Bxg6+ {[%clk 0:41:52]} hxg6
{[%clk 0:40:20]} 14. Qxc4 {[%clk 0:32:27]} Nxe5 {[%clk 0:37:26]} 15. Nxe5
{[%clk 0:32:16]} fxe5 {[%clk 0:37:49]} 16. Be3 {[%clk 0:29:21]} Rc8
{[%clk 0:32:21]} 17. Qg4 {[%clk 0:28:42]} O-O {[%clk 0:30:34]} 18. Nc3
{[%clk 0:28:39]} Bxe3 {[%clk 0:23:48]} 19. Rxe3 {[%clk 0:28:57]} Qb6
{[%clk 0:22:22]} 20. Re2 {[%clk 0:27:06]} Rf4 {[%clk 0:13:38]} 21. Qxg6
{[%clk 0:24:59]} Rcf8 {[%clk 0:11:20]} 22. Qg3 {[%clk 0:22:30]} Bc6
{[%clk 0:10:56]} 23. h5 {[%clk 0:18:21]} R8f6 {[%clk 0:08:22]} 24. Rd1
{[%clk 0:17:04]} Kh8 {[%clk 0:04:45]} 25. Rdd2 {[%clk 0:16:36]} R6f5
{[%clk 0:02:54]} 26. Rxe5 {[%clk 0:14:51]} Rxe5 {[%clk 0:02:21]} 27. Qxf4
{[%clk 0:15:15]} Rxh5 {[%clk 0:02:09]} 28. Ne2 {[%clk 0:08:56]} Qc5
{[%clk 0:00:49]} 29. Rd8+ {[%clk 0:08:28]} Kh7 {[%clk 0:01:09]} 30. Qb8
{[%clk 0:07:15]} e5 {[%clk 0:00:35]} 31. Qc8 {[%clk 0:05:49]} Qc4
{[%clk 0:00:33]} 32. Rh8+ {[%clk 0:04:14]} Kg6 {[%clk 0:01:00]} 33. Rxh5
{[%clk 0:04:31]} Kxh5 {[%clk 0:01:22]} 34. Ng3+ {[%clk 0:04:27]} Kh6
{[%clk 0:01:24]} 35. Qh3+ {[%clk 0:04:22]} Kg6 1-0

[Event "Moscow Open 2018 AB"]
[Site "?"]
[Date "2018.02.01"]
[Round "6.1"]
[White "Nabaty, Tamir"]
[Black "Urazayev, Arystanbek"]
[Result "1-0"]
[BlackElo "2346"]
[WhiteElo "2658"]
[LiveChessVersion "1.4.8"]

1. e4 {[%clk 1:30:00]} e5 {[%clk 1:30:48]} 2. Nf3 {[%clk 1:30:24]} Nc6
{[%clk 1:31:10]} 3. d4 {[%clk 1:30:46]} exd4 {[%clk 1:30:54]} 4. Nxd4
{[%clk 1:31:09]} Bc5 {[%clk 1:30:15]} 5. Nb3 {[%clk 1:31:27]} Bb4+
{[%clk 1:29:47]} 6. c3 {[%clk 1:31:27]} Be7 {[%clk 1:30:10]} 7. Bd3
{[%clk 1:31:37]} Nf6 {[%clk 1:29:56]} 8. f4 {[%clk 1:30:20]} d6 {[%clk 1:27:19]}
9. O-O {[%clk 1:29:57]} O-O {[%clk 1:26:58]} 10. N1d2 {[%clk 1:25:44]} Re8
{[%clk 1:24:20]} 11. Qc2 {[%clk 1:24:15]} Bf8 {[%clk 1:20:45]} 12. h3
{[%clk 1:18:17]} g6 {[%clk 1:16:31]} 13. Nf3 {[%clk 1:18:19]} Bg7
{[%clk 1:12:32]} 14. Re1 {[%clk 1:13:21]} Qe7 {[%clk 0:59:50]} 15. Qf2
{[%clk 1:07:34]} Qf8 {[%clk 0:55:16]} 16. Bd2 {[%clk 1:02:58]} Bd7
{[%clk 0:52:10]} 17. Re2 {[%clk 1:01:00]} Rad8 {[%clk 0:46:32]} 18. Rae1
{[%clk 1:00:53]} a6 {[%clk 0:37:47]} 19. Qh4 {[%clk 1:00:03]} Bc8
{[%clk 0:32:53]} 20. Bc2 {[%clk 0:55:39]} Nd7 {[%clk 0:29:46]} 21. Nbd4
{[%clk 0:52:50]} h6 {[%clk 0:20:01]} 22. Ba4 {[%clk 0:40:45]} Nc5
{[%clk 0:12:49]} 23. Nxc6 {[%clk 0:35:58]} bxc6 {[%clk 0:13:08]} 24. Bxc6
{[%clk 0:36:21]} Bd7 {[%clk 0:13:02]} 25. Bxd7 {[%clk 0:35:06]} Rxd7
{[%clk 0:13:25]} 26. f5 {[%clk 0:34:42]} Qe7 {[%clk 0:08:57]} 27. Qg4
{[%clk 0:34:07]} Kh7 {[%clk 0:05:58]} 28. Re3 {[%clk 0:28:22]} Bf6
{[%clk 0:04:16]} 29. b4 {[%clk 0:27:38]} h5 {[%clk 0:02:09]} 30. Qg3
{[%clk 0:27:45]} Na4 {[%clk 0:02:00]} 31. e5 {[%clk 0:27:36]} dxe5
{[%clk 0:02:01]} 32. Nxe5 {[%clk 0:27:21]} Bxe5 {[%clk 0:01:14]} 33. Rxe5
{[%clk 0:27:23]} Qd6 {[%clk 0:01:36]} 34. fxg6+ {[%clk 0:26:08]} fxg6
{[%clk 0:01:58]} 35. Qf4 {[%clk 0:25:09]} Rxe5 {[%clk 0:01:21]} 36. Rxe5
{[%clk 0:25:36]} Nb6 {[%clk 0:00:57]} 37. Qh6+ {[%clk 0:25:35]} Kg8
{[%clk 0:01:24]} 38. Re8+ {[%clk 0:25:56]} Kf7 {[%clk 0:01:50]} 39. Qh8
{[%clk 0:25:53]} Nd5 {[%clk 0:01:14]} 40. Bg5 {[%clk 0:55:05]} 1-0

[Event "Moscow Open 2018 AB"]
[Site "?"]
[Date "2018.02.01"]
[Round "6.2"]
[White "Shukh, Nikolai"]
[Black "Savchenko, Boris"]
[Result "1-0"]
[BlackElo "2566"]
[WhiteElo "2435"]
[LiveChessVersion "1.4.8"]

1. e4 {[%clk 1:30:57]} c5 {[%clk 1:29:32]} 2. Nf3 {[%clk 1:29:57]} g6
{[%clk 1:29:56]} 3. c3 {[%clk 1:30:23]} Bg7 {[%clk 1:30:22]} 4. d4
{[%clk 1:30:49]} cxd4 {[%clk 1:30:47]} 5. cxd4 {[%clk 1:31:16]} d5
{[%clk 1:31:13]} 6. exd5 {[%clk 1:31:41]} Nf6 {[%clk 1:31:39]} 7. Bb5+
{[%clk 1:32:01]} Nbd7 {[%clk 1:32:03]} 8. d6 {[%clk 1:30:56]} a6 {[%clk 1:32:22]}
9. Bxd7+ {[%clk 1:27:54]} Qxd7 {[%clk 1:22:29]} 10. dxe7 {[%clk 1:23:48]} Qxe7+
{[%clk 1:22:47]} 11. Ne5 {[%clk 1:23:28]} Bg4 {[%clk 1:11:48]} 12. Qb3
{[%clk 1:03:49]} Nd7 {[%clk 1:03:26]} 13. O-O {[%clk 0:50:49]} Nxe5
{[%clk 1:03:32]} 14. dxe5 {[%clk 0:51:13]} Bxe5 {[%clk 1:03:22]} 15. Re1
{[%clk 0:41:59]} Bxh2+ {[%clk 1:01:00]} 16. Kf1 {[%clk 0:42:21]} Be6
{[%clk 1:01:23]} 17. Rxe6 {[%clk 0:34:59]} Qxe6 {[%clk 0:31:41]} 18. Qxe6+
{[%clk 0:34:00]} fxe6 {[%clk 0:32:05]} 19. g3 {[%clk 0:34:26]} h5
{[%clk 0:30:33]} 20. Kg2 {[%clk 0:32:14]} h4 {[%clk 0:30:34]} 21. Bf4
{[%clk 0:31:02]} hxg3 {[%clk 0:17:03]} 22. fxg3 {[%clk 0:31:27]} O-O
{[%clk 0:11:01]} 23. Bh6 {[%clk 0:22:53]} Bxg3 {[%clk 0:06:21]} 24. Bxf8
{[%clk 0:23:13]} Rxf8 {[%clk 0:06:48]} 25. Kxg3 {[%clk 0:23:37]} Rf1
{[%clk 0:07:15]} 26. a4 {[%clk 0:22:35]} Kf8 {[%clk 0:02:14]} 27. Kg4
{[%clk 0:16:40]} Rg1+ {[%clk 0:00:46]} 28. Kf4 {[%clk 0:17:00]} g5+
{[%clk 0:01:00]} 29. Kf3 {[%clk 0:11:05]} a5 {[%clk 0:01:08]} 30. Ra3
{[%clk 0:08:51]} Rxb1 {[%clk 0:01:28]} 31. Rb3 {[%clk 0:09:18]} Rf1+
{[%clk 0:00:39]} 32. Kg4 {[%clk 0:09:00]} Rf4+ {[%clk 0:00:33]} 33. Kxg5
{[%clk 0:09:24]} Rb4 {[%clk 0:00:40]} 34. Rxb4 {[%clk 0:09:38]} axb4
{[%clk 0:01:07]} 35. Kf6 {[%clk 0:10:05]} b3 {[%clk 0:00:37]} 36. Kxe6
{[%clk 0:09:52]} Ke8 {[%clk 0:01:04]} 37. Kd5 {[%clk 0:09:27]} Kd8
{[%clk 0:00:49]} 38. Kc4 {[%clk 0:09:51]} Kc7 {[%clk 0:01:11]} 39. Kxb3
{[%clk 0:10:10]} Kb6 {[%clk 0:00:48]} 40. Kb4 {[%clk 0:40:35]} Ka6
{[%clk 0:31:02]} 41. a5 {[%clk 0:40:55]} 1-0